000 01064nam a22002537a 4500
003 PE SENCICO BE
005 20251020182646.0
008 231110b |||||||| |||| 00| 0 eng d
040 _aPE SENCICO BE
_cPE SENCICO BE
041 _aspa
084 _aI
_aDIB
_a2018
_bC25
100 1 _91770
_aCapcha Camasita, Gloria Ines
_eautor
245 1 _aEdificio multifamiliar mi vivienda "Munaysenca 121" /
_cGloria Ines Capcha Camasita
260 _aLima :
_c2018
300 _a40 h. :
_btabls. ;
_c30 cm.
502 _aMonografía de Titulación.-- Servicio Nacional de Capacitación para la Industria de la Construcción. Escuela Superior Técnica. Carrera Profesional Técnica en Dibujo en Construcción Civil, 2018.
650 1 0 _91456
_aViviendas multifamiliares
650 2 0 _9273
_aEdificios de vivienda
650 2 0 _91716
_aEdificios multifamiliares
650 2 0 _9940
_aProyectos de edificaciones
710 1 _aServicio Nacional de Capacitación para la Industria de la Construcción.
_bEscuela Superior Técnica
_91065
910 _bhfp
_chfp
942 _cMON
999 _c4429
_d4429